00699nam a22001817a 450000500170000000800410001702000150005805000270007310000200010024501420012025000110026226000540027330000360032750400210036365000390038470000420042370000520046520181115095657.0181011b sp ||||| |||| 00| 0 spa d a847615786X04aQA76.774.U64bC64 19921 aCoffin, Steohen10aUNIX sistema V versión 4 b: manual de refernciac/ Stephen Coffin ; tr. Alfredo Bautista Paloma , rev. tec. Antonio Vaquero Sánchez. a1a ed. aMadrid, España : bOsborne/McGraw-Hill, cc1992 axxxv, 745 p. : bil. ; c23 cm. aIncluye índice 72lembaUNIX (Archivo de computador)1 aBautista Paloma, Alfredo, etraductor1 aVaquero Sánchez, Antonio, erevisor técnico